Computer networks / (Record no. 29818)

MARC details
000 -LEADER
fixed length control field 01308nam a22003738i 4500
001 - CONTROL NUMBER
control field 020328801
003 - CONTROL NUMBER IDENTIFIER
control field EG-ScBUE
005 - DATE AND TIME OF LATEST TRANSACTION
control field 20220302120438.0
008 - FIXED-LENGTH DATA ELEMENTS--GENERAL INFORMATION
fixed length control field 210907t2021 enka f b 001 0 eng d
020 ## - INTERNATIONAL STANDARD BOOK NUMBER
Cancelled/invalid ISBN 9781292374062 (pbk.)
020 ## - INTERNATIONAL STANDARD BOOK NUMBER
International Standard Book Number 1292374063
040 ## - CATALOGING SOURCE
Original cataloging agency StDuBDS
Language of cataloging eng
Description conventions rda
Transcribing agency StDuBDS
Modifying agency EG-ScBUE
082 04 - DEWEY DECIMAL CLASSIFICATION NUMBER
Classification number 004.6
Edition number 22
Item number TAN
100 1# - MAIN ENTRY--PERSONAL NAME
Personal name Tanenbaum, Andrew S.,
Dates associated with a name 1944-
Relator term author.
9 (RLIN) 36862
245 10 - TITLE STATEMENT
Title Computer networks /
Statement of responsibility, etc Andrew S. Tanenbaum, Vrije University, Amsterdam, The Netherlands, Nick Feamster, University of Chicago, David Wetherall, Google.
250 ## - EDITION STATEMENT
Edition statement Sixth edition.
250 ## - EDITION STATEMENT
Edition statement Global edition.
264 #1 - PUBLICATION, DISTRIBUTION, ETC. (IMPRINT)
Place of publication, distribution, etc Harlow :
Name of publisher, distributor, etc Pearson,
Date of publication, distribution, etc [2021]
264 #4 - PUBLICATION, DISTRIBUTION, ETC. (IMPRINT)
Date of publication, distribution, etc ©2021
300 ## - PHYSICAL DESCRIPTION
Extent xxii, 922 pages :
Other physical details illustrations (black and white) ;
Dimensions 30 cm
336 ## - CONTENT TYPE
Content type term text
Source rdacontent
Content type code txt
336 ## - CONTENT TYPE
Content type term still image
Source rdacontent
Content type code txt
337 ## - MEDIA TYPE
Media type term computer
Source rdamedia
Media type code n
338 ## - CARRIER TYPE
Carrier type term online resource
Source rdacarrier
Carrier type code nc
504 ## - BIBLIOGRAPHY, ETC. NOTE
Bibliography, etc Includes bibliographical references and index.
650 #7 - SUBJECT ADDED ENTRY--TOPICAL TERM
Topical term or geographic name as entry element Computer networks.
Source of heading or term BUEsh
653 ## - INDEX TERM--UNCONTROLLED
Resource For college Informatics and Computer Science
Arrived date list February2022
655 ## - INDEX TERM--GENRE/FORM
Form subdivision Reading book
9 (RLIN) 34232
700 1# - ADDED ENTRY--PERSONAL NAME
Personal name Feamster, Nick,
Relator term author.
700 1# - ADDED ENTRY--PERSONAL NAME
Personal name Wetherall, D.
Fuller form of name (David),
Relator term author.
9 (RLIN) 36863
776 08 - ADDITIONAL PHYSICAL FORM ENTRY
Display text Print version :
International Standard Book Number 9781292374062
942 ## - ADDED ENTRY ELEMENTS (KOHA)
Source of classification or shelving scheme Dewey Decimal Classification
Koha item type Book - Borrowing
Holdings
Withdrawn status Lost status Source of classification or shelving scheme Damaged status Not for loan Collection code Home library Current library Shelving location Date acquired Source of acquisition Cost, normal purchase price Serial Enumeration / chronology Total Checkouts Total Renewals Full call number Barcode Date last seen Date checked out Cost, replacement price Price effective from Koha item type
    Dewey Decimal Classification     Alahram Central Library Central Library Lower Floor 02/03/2022 Purchase 799.00 281 1 5 004.6 TAN 000056177 15/07/2025 14/03/2022 998.75 02/03/2022 Book - Borrowing